[Event "CHI-ch sf"]
[Site "Vina del Mar"]
[Date "2022.02.13"]
[Round "8"]
[White "Neira Zamudio, Rafael Thomas"]
[Black "Vergara Arenas, Amapola Angely"]
[Result "1-0"]
[WhiteElo "1488"]
[BlackElo "1098"]
[PlyCount "97"]
[EventDate "2022.02.08"]
[EventType "swiss"]
[EventRounds "8"]
[EventCountry "CHI"]
[SourceTitle "CBM 207 Extra"]
[Source "ChessBase"]
[SourceDate "2022.05.31"]
[SourceVersion "1"]
[SourceVersionDate "2022.05.31"]
[SourceQuality "1"]

1. d4 Nf6 2. Bf4 e6 3. e3 Be7 4. Nc3 0-0 5. Bd3 d5 6. Nf3 c5 7. 0-0 c4 8. Be2 Nh5 9. Be5 Nc6 10. h3 Nxe5 11. Nxe5 Nf6 12. a3 a6 13. Bf3 Bd7 14. e4 Bc6 15. Nxc6 bxc6 16. Re1 dxe4 17. Nxe4 Nxe4 18. Bxe4 Qb6 19. Rb1 Rfd8 20. c3 Rab8 21. Qa4 Qb5 22. Bxc6 Qxa4 23. Bxa4 Rd6 24. b4 cxb3 25. Bxb3 Rdb6 26. Ba2 Rxb1 27. Rxb1 Rxb1+ 28. Bxb1 Bxa3 29. c4 Kf8 30. Kf1 Ke7 31. Ke2 g6 32. Kd3 Kd6 33. f3 e5 34. c5+ Kd5 35. Ba2+ Kc6 36. dxe5 Bxc5 37. Bxf7 a5 38. Kc4 a4 39. Be8+ Kb6 40. Bxa4 Be7 41. Kd5 Kc7 42. Ke6 Kd8 43. Kf7 g5 44. g3 h5 45. f4 gxf4 46. gxf4 h4 47. f5 Ba3 48. e6 Bd6 49. f6 1-0

[Event "CHI-ch sf"]
[Site "Vina del Mar"]
[Date "2022.02.11"]
[Round "5"]
[White "Neira Zamudio, Rafael Thomas"]
[Black "Cisterna Bastias, Belen"]
[Result "1-0"]
[WhiteElo "1488"]
[BlackElo "1178"]
[PlyCount "159"]
[EventDate "2022.02.08"]
[EventType "swiss"]
[EventRounds "8"]
[EventCountry "CHI"]
[SourceTitle "CBM 207 Extra"]
[Source "ChessBase"]
[SourceDate "2022.05.31"]
[SourceVersion "1"]
[SourceVersionDate "2022.05.31"]
[SourceQuality "1"]

1. d4 d5 2. Bf4 Nf6 3. Nc3 c5 4. e3 Nc6 5. Nf3 c4 6. Be2 Bf5 7. a3 e6 8. Ne5 Be7 9. h4 h6 10. g4 Nxe5 11. dxe5 Bh7 12. exf6 Bxf6 13. Bg3 Qb6 14. Rb1 Rd8 15. 0-0 d4 16. exd4 Bxd4 17. Qc1 0-0 18. Bxc4 Qc6 19. Bd3 f5 20. gxf5 Bxf5 21. Bxf5 Rxf5 22. Qe1 Rf3 23. Kh2 Rdf8 24. Rd1 Bb6 25. Rd3 R3f6 26. Ne4 R6f7 27. Qe2 Bc7 28. Rc3 Bxg3+ 29. Nxg3 Qb6 30. Kg1 Qxb2 31. Rb3 Qf6 32. Rb4 Re7 33. Qe4 b6 34. Qd4 e5 35. Qg4 Re6 36. Rc4 Qf7 37. Rc7 Qxc7 38. Qxe6+ Rf7 39. Qg6 Rf6 40. Qd3 Qc8 41. Kg2 Qg4 42. Qe4 Rf4 43. Qxe5 Qxh4 44. Rh1 Qg4 45. Qe2 Qg6 46. Re1 Qf6 47. Qe6+ Qxe6 48. Rxe6 Ra4 49. Re3 Rg4 50. Rc3 h5 51. Kf3 Rg5 52. Kf4 Ra5 53. Ne4 Kh7 54. Kg3 Kh6 55. f3 Rd5 56. Rc6+ g6 57. Rc7 a5 58. Rh7+ Kxh7 59. Nf6+ Kh6 60. Nxd5 b5 61. Nc7 b4 62. axb4 a4 63. Nb5 Kg5 64. c4 Kf6 65. c5 Ke6 66. Nc3 a3 67. b5 Kd7 68. b6 Kc6 69. Kh4 Kb7 70. f4 Kc6 71. f5 gxf5 72. Kxh5 f4 73. Kg4 f3 74. Kxf3 Kd7 75. b7 Kc7 76. c6 Kb8 77. Ke4 Kc7 78. Kd5 Kb8 79. Kc5 Kc7 80. Kb4 1-0

[Event "CHI-ch sf qual U1600"]
[Site "La Cruz"]
[Date "2019.12.29"]
[Round "2.2"]
[White "Neira Zamudio, Rafael Thomas"]
[Black "Gasic Merino, Martin Andrei"]
[Result "1/2-1/2"]
[WhiteElo "1466"]
[BlackElo "1191"]
[PlyCount "48"]
[EventDate "2019.12.29"]
[EventType "swiss"]
[EventRounds "5"]
[EventCountry "CHI"]
[SourceTitle "EXT 2024"]
[Source "ChessBase"]
[SourceDate "2023.10.10"]
[SourceVersion "1"]
[SourceVersionDate "2023.10.10"]
[SourceQuality "1"]

1. Nf3 Nf6 2. b3 e6 3. Bb2 b6 4. e3 Bb7 5. Be2 Be7 6. 0-0 0-0 7. c4 d5 8. d3 Nbd7 9. Nc3 Rc8 10. Rc1 c5 11. d4 Ne4 12. Nxe4 dxe4 13. Nd2 Nf6 14. Qc2 Qc7 15. dxc5 Qxc5 16. Bxf6 Bxf6 17. Nxe4 Bxe4 18. Qxe4 Rfd8 19. Rfd1 Qa5 20. Qc2 g6 21. Rb1 Qb4 22. g3 a5 23. a4 Qc3 24. Qxc3 Bxc3 1/2-1/2

[Event "CHI-ch sf qual U1600"]
[Site "Vina del Mar"]
[Date "2019.12.28"]
[Round "4.3"]
[White "Gasic Merino, Martin Andrei"]
[Black "Neira Zamudio, Rafael Thomas"]
[Result "0-1"]
[WhiteElo "1191"]
[BlackElo "1466"]
[PlyCount "70"]
[EventDate "2019.12.28"]
[EventType "swiss"]
[EventRounds "5"]
[EventCountry "CHI"]
[SourceTitle "EXT 2024"]
[Source "ChessBase"]
[SourceDate "2023.10.10"]
[SourceVersion "1"]
[SourceVersionDate "2023.10.10"]
[SourceQuality "1"]

1. d4 c5 2. d5 Nf6 3. c4 g6 4. g3 Bg7 5. Bg2 0-0 6. Nc3 d6 7. Nf3 e6 8. 0-0 exd5 9. cxd5 Nbd7 10. Bf4 Nb6 11. Nd2 Nh5 12. Be3 Re8 13. Qc2 Bf5 14. Qb3 Qd7 15. Rfe1 Bh3 16. Bh1 Bf5 17. Rac1 Nf6 18. Bf4 Nh5 19. Be3 h6 20. Nc4 Nxc4 21. Qxc4 a6 22. a4 Rab8 23. Qb3 b5 24. axb5 axb5 25. Bd2 b4 26. Nd1 Be4 27. f3 Bf5 28. g4 Bxg4 29. fxg4 Qxg4+ 30. Kf2 Bd4+ 31. e3 Nf4 32. Bf3 Nh3+ 33. Ke2 Ng1+ 34. Rxg1 Qxg1 35. Nf2 Qg5 0-1

[Event "Vina del Mar CC qual"]
[Site "Vina del Mar"]
[Date "2018.12.07"]
[Round "1.1"]
[White "Diaz Tapia, Juan Pablo"]
[Black "Neira Zamudio, Rafael Thomas"]
[Result "1-0"]
[WhiteElo "1858"]
[BlackElo "1271"]
[PlyCount "93"]
[EventDate "2018.12.07"]
[EventType "swiss"]
[EventRounds "6"]
[EventCountry "CHI"]
[SourceTitle "EXT 2024"]
[Source "ChessBase"]
[SourceDate "2023.10.10"]
[SourceVersion "1"]
[SourceVersionDate "2023.10.10"]
[SourceQuality "1"]

1. Nf3 Nf6 2. b3 g6 3. Bb2 Bg7 4. e3 0-0 5. Na3 d5 6. h3 Nbd7 7. Be2 b6 8. d3 Bb7 9. Qd2 Ne4 10. Qc1 Nc3 11. d4 Nxe2 12. Kxe2 Ba6+ 13. c4 Nf6 14. b4 Bxc4+ 15. Nxc4 dxc4 16. Qxc4 Qd5 17. Rhc1 Rac8 18. b5 Rfd8 19. a4 Qxc4+ 20. Rxc4 Nd5 21. g3 e6 22. Rac1 Rd7 23. Ba3 Bf8 24. Bxf8 Rxf8 25. Ne5 Re7 26. e4 Nf6 27. Ke3 Kg7 28. Nc6 Rd7 29. Nxa7 Ra8 30. Rxc7 Rxc7 31. Rxc7 Ne8 32. Rc8 Rxa7 33. Rxe8 Rxa4 34. Rb8 Ra3+ 35. Kf4 Ra2 36. f3 Rh2 37. h4 Rb2 38. Rxb6 Rb3 39. g4 Rd3 40. Rd6 Kf6 41. b6 Ke7 42. Rc6 Rxd4 43. Rc7+ Kf6 44. g5+ Kg7 45. b7 Rb4 46. Ke5 Rb5+ 47. Kd4 1-0

[Event "Vina del Mar U2000 2nd"]
[Site "Vina del Mar"]
[Date "2018.06.15"]
[Round "1.4"]
[White "Miranda Camus, Joaquin Ignacio"]
[Black "Neira Zamudio, Rafael Thomas"]
[Result "0-1"]
[WhiteElo "1208"]
[BlackElo "1345"]
[PlyCount "100"]
[EventDate "2018.06.15"]
[EventType "swiss"]
[EventRounds "5"]
[EventCountry "CHI"]
[SourceTitle "EXT 2024"]
[Source "ChessBase"]
[SourceDate "2023.10.10"]
[SourceVersion "1"]
[SourceVersionDate "2023.10.10"]
[SourceQuality "1"]

1. e4 e5 2. Nf3 Nf6 3. Nxe5 d6 4. Nf3 Nxe4 5. d4 Be7 6. Nc3 Nxc3 7. bxc3 Nd7 8. Bd3 Nf6 9. Qe2 0-0 10. h3 Re8 11. 0-0 Bd7 12. Bb5 c6 13. Bd3 d5 14. Bg5 Qc8 15. Ne5 h6 16. Nxd7 Qxd7 17. Bh4 Bd8 18. Qf3 Ne4 19. Bxe4 dxe4 20. Qh5 Bxh4 21. Qxh4 Qe7 22. Qxe7 Rxe7 23. Rfe1 Rae8 24. Re3 b6 25. Rae1 Kf8 26. g4 g6 27. Kg2 f5 28. Kg3 Rf7 29. gxf5 gxf5 30. Kf4 Ree7 31. f3 exf3 32. Rxe7 Rxe7 33. Rxe7 Kxe7 34. Kxf3 Kf7 35. c4 Ke6 36. Kf4 a6 37. a4 b5 38. cxb5 cxb5 39. axb5 a5 40. c4 a4 41. c5 a3 42. b6 Kd7 43. d5 a2 44. c6+ Kc8 45. d6 a1Q 46. b7+ Kb8 47. d7 Qd4+ 48. Kxf5 Kc7 49. Ke6 Qd6+ 50. Kf5 Kxc6 0-1

[Event "Quilpue U1600"]
[Site "Quilpue"]
[Date "2018.05.19"]
[Round "2.5"]
[White "Azocar Gajardo, Javiera"]
[Black "Neira Zamudio, Rafael Thomas"]
[Result "0-1"]
[WhiteElo "1009"]
[BlackElo "1333"]
[PlyCount "28"]
[EventDate "2018.05.19"]
[EventType "swiss"]
[EventRounds "6"]
[EventCountry "CHI"]
[SourceTitle "EXT 2024"]
[Source "ChessBase"]
[SourceDate "2023.10.10"]
[SourceVersion "1"]
[SourceVersionDate "2023.10.10"]
[SourceQuality "1"]

1. e4 d5 2. exd5 Nf6 3. c4 c6 4. dxc6 Nxc6 5. d4 Qxd4 6. Qxd4 Nxd4 7. Bd3 e5 8. a3 e4 9. Be3 Nb3 10. Ra2 exd3 11. a4 Bb4+ 12. Kd1 0-0 13. Nc3 Re8 14. Nf3 Bg4 0-1